000 00313nam a22001337a 4500
041 _aENG
100 _aV.G.Vaidya
245 _aIntroduction to Agronomy and soil and water management
260 _aPune
_bContinental Prakashan
_c1996
300 _a329
440 _aI
650 _aAgronomy
700 _aK.R. Sahshrabuddhe
999 _c3
_d3